CANADIAN JOURNAL OF GENETICS AND CYTOLOGY (Record no. 6236)
[ view plain ]
| 000 -LEADER | |
|---|---|
| fixed length control field | 00415nam a2200145Ia 4500 |
| 022 ## - INTERNATIONAL STANDARD SERIAL NUMBER | |
| ISSN | 0008-4093 |
| 245 #0 - TITLE STATEMENT | |
| Title | CANADIAN JOURNAL OF GENETICS AND CYTOLOGY |
| 246 ## - VARYING FORM OF TITLE | |
| Title proper/short title | Genome |
| 260 ## - PUBLICATION, DISTRIBUTION, ETC. (IMPRINT) | |
| Name of publisher | National Research Council of Canada, Ottawa |
| Place of publication | Canada |
| 310 ## - CURRENT PUBLICATION FREQUENCY | |
| Current publication frequency | BM |
| 500 ## - GENERAL NOTE | |
| General note | Ending Volume & Year: 28, 1987 |
| 500 ## - GENERAL NOTE | |
| General note | Starting Volume & Year: 18, 1976 |
| 942 ## - ADDED ENTRY ELEMENTS (KOHA) | |
| Koha item type | Bound Journal |
| Withdrawn status | Lost status | Damaged status | Not for loan | Home library | Current library | Date acquired | Accession Number | Koha item type |
|---|---|---|---|---|---|---|---|---|
| Bound journals | RRII Library | RRII Library | 31/12/2021 | 06214J | Bound Journal |